MARC

LEADER 00000nam0a2200000 4500
001 145582
005 20231031144134.0
035 |a (RuTPU)RU\TPU\book\157810 
090 |a 145582 
100 |a 20081020d1964 km y0rusy50 ca 
101 0 |a rus 
102 |a RU 
105 |a a z 001zy 
200 1 |a Искусственные спутники в разреженной плазме  |f Я. Л. Альперт, А. В. Гуревич, Л. П. Питаевский 
210 |a Москва  |c Наука  |d 1964 
215 |a 382 с.  |c ил. 
320 |a Библиогр.: с. 380-382. 
610 1 |a искусственные спутники 
610 1 |a разреженные плазмы 
610 1 |a Земля 
610 1 |a движение 
610 1 |a плазма 
675 |a 537.226  |v 3 
675 |a 551.51  |v 3 
700 1 |a Альперт  |b Я. Л.  |g Яков Львович 
701 1 |a Гуревич  |b А. В.  |g Александр Викторович 
701 1 |a Питаевский  |b Л. П.  |g Лев Петрович 
801 1 |a RU  |b 63413507  |c 20081020  |g PSBO 
801 2 |a RU  |b 63413507  |c 20170912  |g PSBO 
942 |c BK